| 000 | 00496cam a2200193ua 4500 | ||
|---|---|---|---|
| 001 | 1720 | ||
| 008 | 110805n ii |||gr||||Z||||||eng | ||
| 020 | _a978-81-237-5036-1 | ||
| 040 | _cMAIN | ||
| 082 | _a338.9 | ||
| 100 |
_aSen, Sunanda, _eAuthor. |
||
| 245 | 1 |
_aGlobalisation and development _cby Sunanda Sen |
|
| 250 | _a1st. | ||
| 260 |
_aNew Delhi: _bNational book trust, _c2008. |
||
| 300 |
_a119p: _c23cm. |
||
| 653 | _aEconomics | ||
| 653 | _aGlobalisation and development | ||
| 942 | _cBK | ||
| 999 |
_c1604 _d1604 |
||